000 00418cam a2200157ua 4500
041 _aeng
_h
082 _a825
_bGOP/SE
100 _aGopala Reddy, B .
245 0 0 _aSelected speeches of Subhash Chandra Bose /
_cB.Gopala Reddy.
_hTextual Documents
260 _aIndia :
_bMinistry of I&B, Govt. of India ,
_c1962.
300 _a239 ; .
500 _a**Reference
504 _a
942 _cBK
999 _c7905
_d7905